Normal view
MARC view
Entry Personal Name
001 - CONTROL NUMBER
- control field: 21231
003 - CONTROL NUMBER IDENTIFIER
- control field: ARRUPE
005 - DATE AND TIME OF LATEST TRANSACTION
- control field: 20151207154143.0
008 - FIXED-LENGTH DATA ELEMENTS
- fixed length control field: 151207|| aca||aabn | a|a d
040 ## - CATALOGING SOURCE
- Original cataloging agency: ARRUPE
- Transcribing agency: ARRUPE
100 ## - HEADING--PERSONAL NAME
- Personal name: Fewkes, Jesse Walter
670 ## - SOURCE DATA FOUND
- Source citation: Work cat.: (ARRUPE): Fewkes, Jesse Walter , Antiquities of the Mesa Verde National Park , 1909